[Event "X Memorial Gino Serafini"]
[Site "?"]
[Date "2023.10.01"]
[Round "5"]
[White "Rinaudo, Andrea"]
[Black "Di Lascio , Savino"]
[Result "1-0"]
[WhiteElo "1923"]
[BlackElo "1804"]
[PlyCount "69"]
[EventDate "2023.??.??"]
[SourceDate "2023.11.23"]

1. e4 c6 2. d4 d5 3. Nc3 dxe4 4. Nxe4 Nf6 5. Nxf6+ gxf6 6. Nf3 Bf5 7. Be2 e6 8.
O-O Bd6 9. Nh4 Bg6 10. c3 Nd7 11. Bf3 f5 12. g3 f4 13. Ng2 fxg3 14. fxg3 Qc7
15. Bf4 O-O-O 16. Bxd6 Qxd6 17. b4 Rhg8 18. a4 Kb8 19. Qe2 Rg7 20. Rfd1 Rdg8
21. b5 c5 22. a5 Bf5 23. a6 b6 24. Ne3 Qc7 25. Bc6 cxd4 26. cxd4 Bg4 27. Nxg4
Rxg4 28. Bf3 R4g5 29. Qe4 Rd5 30. Rac1 Qd6 31. Qxh7 Rxg3+ 32. hxg3 Qxg3+ 33.
Bg2 Qe3+ 34. Kh1 Nf8 35. Qh2+ 1-0